| 000 | 00407 a2200145 4500 | ||
|---|---|---|---|
| 020 | _a9788174092342 | ||
| 040 | _cDLC | ||
| 082 |
_a624.068 _bSHA |
||
| 100 |
_aSharma, S. C. _98925 |
||
| 245 |
_aConstruction Engineering and Management _cS. C. Sharma |
||
| 260 |
_aNew Delhi : _bKhanna Publishers, _c2008 |
||
| 300 |
_axiii, 790p. : _bill. ; _c21 cm |
||
| 650 |
_aConstruction Engineering _918339 |
||
| 942 |
_2ddc _cBK |
||
| 999 |
_c871 _d871 |
||